000 01487cam a2200325Ia 4500
001 lartdeconjuguerd01besc
003 CaSfIA
005 20220627125046.0
007 cr||||
008 050207s1991 quc 001 0 fre d
040 _aTEF
_cTEF
_dOCLCG
_dCaSfIA
020 _a2890459136
020 _a9782890459137
035 _a(OCoLC)57583005
050 1 4 _aPC2271
_b.A78 1991
082 0 4 _a445
_222
245 0 2 _aL'art de conjuguer :
_h[electronic resource]
_bdictionnaire de 12000 verbes /
_c[L.N. Bescherelle].
260 _aVille LaSalle, Québec :
_bHurtubise HMH,
_cc1991.
300 _a175 p. ;
_c20 cm.
440 0 _aBescherelle ;
_v1
500 _aIncludes index.
650 0 _aFrench language
_xVerb
_vTables.
700 1 _aBescherelle,
_cM.
_q(Louis Nicolas),
_d1802-1883.
856 4 1 _uhttp://www.archive.org/details/lartdeconjuguerd01besc
_zFree eBook from the Internet Archive
_3Volume 1
856 4 2 _uhttp://www.openlibrary.org/books/OL20104504M
_zAdditional information and access via Open Library
_3Volume 1
942 _cEB
506 _fНеобхідна авторизація на https://archive.org/ (створення облікового запису безкоштовно)
506 _fНеобхідна авторизація на https://openlibrary.org/ (створення облікового запису безкоштовно)
999 _c517025
_d517025